| 000 | 00566nam a2200157Ia 4500 | ||
|---|---|---|---|
| 008 | 210716s1999 xx 000 0 und d | ||
| 020 | _a0735200653 | ||
| 041 | _aeng | ||
| 082 | _a332.6322 MURJ | ||
| 100 | _aMurphy, John J. | ||
| 245 |
_aStudy guide for technical analysis of the financial markets: comprehensive guide to trading methods and applications. _bComprehensive guide to trading methods and applications. |
||
| 250 | _a1 | ||
| 260 |
_aNew York _bNew York Institute of Finance _c1999 |
||
| 300 | _aviii,150 | ||
| 650 | _aTechniques, equipment, forms(751) | ||
| 999 |
_c211661 _d211661 |
||